00829nam a22001937a 450000500170000000800410001702000150005805000230007310000290009624500710012526000330019630000180022949000310024750000650027850000060034350502250034965000250057470000360059920231102151716.0140825s2005 sp |||| |||| 00| 0 spa d a847827390514aLC3965bL3618 20051 aLandry, Michele / autor10aProcesos clínicos en educación especializadac / Michel Landry aEspañab : Graóc , 2005 a330 páginas aCrítica y fundamentos, 6 aTraducción de: Processus clinique en education specialisee a  aLa educación especializada La persona con dificultades El proceso de intervención La observación de la persona La observación y sus técnicas La síntesis Los objetivos Realización, seguimiento y evaluación14aEDUCACIÓN ESPECIAL aRiambau, Núriae / traductora